Cities of the uk Quiz Stats

 Plays Quiz not verified by Sporcle

Also try: Serbia's Borders
Challenge
Share
Tweet
Embed
Score 0/66 Timer 20:00
0 Plays Today
1st letter city % Correct
LLondon
96.1%
MManchester
92.2%
LLiverpool
91.5%
BBirmingham
89.9%
BBristol
89.1%
NNewcastle
86%
YYork
86%
LLeeds
83.7%
NNottingham
78.3%
OOxford
78.3%
SSouthampton
77.5%
PPortsmouth
73.6%
LLeicester
72.9%
NNorwich
72.9%
PPlymouth
72.9%
CCambridge
70.5%
HHull
70.5%
SSheffield
69%
EEdinburgh
68.2%
GGlasgow
68.2%
AAberdeen
66.7%
EExeter
66.7%
CCardiff
65.9%
CChester
65.1%
CCoventry
64.3%
DDerby
64.3%
WWolverhampton
62.8%
BBradford
62%
SSunderland
62%
BBath
59.7%
LLincoln
59.7%
LLincoln
59.7%
BBelfast
58.9%
1st letter city % Correct
DDurham
58.1%
SSwansea
58.1%
SStoke
57.4%
PPreston
54.3%
CCarlisle
53.5%
IInverness
52.7%
GGloucester
51.2%
LLancaster
51.2%
CCanterbury
50.4%
WWorcester
50.4%
DDundee
48.8%
HHereford
46.5%
WWinchester
46.5%
PPeterborough
44.2%
TTruro
43.4%
SSalisbury
41.1%
WWestminster
41.1%
NNewport
38%
EEly
37.2%
WWakefield
37.2%
SSt Albans
36.4%
CChichester
34.9%
LLondonderry
34.9%
BBangor
33.3%
SSt Davids
32.6%
WWells
32.6%
SSalford
31%
BBrighton and Hove
30.2%
RRipon
30.2%
SStirling
26.4%
LLichfield
24.8%
AArmagh
24%
NNewry
17.1%

You're not logged in!

Compare scores with friends on all Sporcle quizzes.
OR
Log In

You Might Also Like...

Show Comments

Extras

Created Nov 20, 2010ReportNominate
Tags:City Quiz, Letter Quiz, England

Top Quizzes Today


Score Distribution

Your Account Isn't Verified!

In order to create a playlist on Sporcle, you need to verify the email address you used during registration. Go to your Sporcle Settings to finish the process.

Report this User

Report this user for behavior that violates our Community Guidelines.

Details: